Maat, joiden nimi alkaa vokaalilla - Statistics

Yleistilastot
  • Tätä visaa on pelattu 4 305 kertaa
    3 659 viimeisimmän päivityksen jälkeen
  • Keskiarvotulos 26 / 40
Vastaustilastot
Kirjain Maa % Oikein
O Oman
81%
Y Yhdysvallat
79%
A Albania
78%
I Irlanti
78%
I Islanti
78%
E Espanja
75%
I Intia
75%
A Andorra
74%
A Australia
74%
Y Yhdistynyt kuningaskunta
74%
E Etiopia
73%
I Italia
73%
A Algeria
70%
I Indonesia
70%
I Iran
68%
U Uruguay
68%
A Alankomaat
67%
A Angola
67%
A Armenia
67%
E Eritrea
67%
I Irak
67%
U Unkari
66%
U Uzbekistan
65%
A Argentiina
64%
A Afganistan
63%
A Azerbaidžan
63%
E Etelä-Afrikka
63%
E Etelä-Korea
63%
U Ukraina
63%
U Uusi-Seelanti
63%
Y Yhdistyneet arabiemiraatit
63%
U Uganda
60%
I Israel
57%
E Ecuador
56%
I Itävalta
56%
E Egypti
53%
I Itä-Timor
51%
E Etelä-Sudan
50%
A Antigua ja Barbuda
48%
E El Salvador
41%
Ehtoja vastaavia visoja ei löytynyt
Tulosjakauma
Jokaisen tuloksen saaneiden osuus
Persentiili vastausten määrän mukaan
Tuloshistoriasi
Et ole pelannut tätä visaa sen viimeisimmän päivityksen jälkeen